সিন্ধুলিপি ও তার সম্ভাব্য পাঠ / (Record no. 2785)

MARC details
000 -LEADER
fixed length control field 01111nam a22002417a 4500
003 - CONTROL NUMBER IDENTIFIER
control field BD-DhJNU
005 - DATE AND TIME OF LATEST TRANSACTION
control field 20260512024059.0
008 - FIXED-LENGTH DATA ELEMENTS--GENERAL INFORMATION
fixed length control field 260512b |||||||| |||| 00| 0 eng d
020 ## - INTERNATIONAL STANDARD BOOK NUMBER
International Standard Book Number 9789384108816
040 ## - CATALOGING SOURCE
Original cataloging agency BD-DhJNU
Language of cataloging BEN
Transcribing agency BD-DhJNU
Modifying agency BD-DhJNU
082 ## - DEWEY DECIMAL CLASSIFICATION NUMBER
Edition number 23
Classification number 411.7
100 ## - MAIN ENTRY--PERSONAL NAME
Personal name পাল, রজত
242 ## - TRANSLATION OF TITLE BY CATALOGING AGENCY
Title Sindhi script and its possible readings /
Statement of responsibility, etc. Rajat Pal
245 ## - TITLE STATEMENT
Title সিন্ধুলিপি ও তার সম্ভাব্য পাঠ /
Statement of responsibility, etc. রজত পাল
260 ## - PUBLICATION, DISTRIBUTION, ETC.
Place of publication, distribution, etc. কলকাতা :
Name of publisher, distributor, etc. বাঙলার মুখ,
Date of publication, distribution, etc. 2022.
300 ## - PHYSICAL DESCRIPTION
Extent ২৪৭ পৃ. :
Other physical details চিত্র ;
Dimensions ২২ সেমি.।
504 ## - BIBLIOGRAPHY, ETC. NOTE
Bibliography, etc. note গ্রন্থপঞ্জিগত নির্দেশিকা ও নিঘন্ট অন্তভূক্ত
650 ## - SUBJECT ADDED ENTRY--TOPICAL TERM
Topical term or geographic name entry element ভারতের প্রাচীন ইতিহাস - সিন্ধু উপত্যকা
650 ## - SUBJECT ADDED ENTRY--TOPICAL TERM
Topical term or geographic name entry element Ancient History of India - Indus Valley
650 ## - SUBJECT ADDED ENTRY--TOPICAL TERM
Topical term or geographic name entry element সিন্ধুলিপি — পাঠোদ্ধার
650 ## - SUBJECT ADDED ENTRY--TOPICAL TERM
Topical term or geographic name entry element Indus script — Decipherment
942 ## - ADDED ENTRY ELEMENTS (KOHA)
Source of classification or shelving scheme Dewey Decimal Classification
Koha item type Books
Suppress in OPAC No
Holdings
Withdrawn status Lost status Source of classification or shelving scheme Damaged status Not for loan Collection Home library Current library Shelving location Date acquired Source of acquisition Total checkouts Full call number Barcode Date last seen Copy number Price effective from Koha item type
    Dewey Decimal Classification     Non-fiction Jagannath University Central Library Jagannath University Central Library General stacks 05/12/2026 Purchase   411.7 PAS JNUCL36057 05/12/2026 1 05/12/2026 Books